[Event "Villa Ballester op 73rd"]
[Site "Buenos Aires"]
[Date "2024.01.23"]
[Round "5"]
[White "Gambini, Juan Carlos"]
[Black "Garbero, Ana Carolina"]
[Result "1-0"]
[WhiteElo "1594"]
[BlackElo "1096"]
[PlyCount "129"]
[EventDate "2024.01.19"]
[EventType "swiss"]
[EventRounds "9"]
[EventCountry "ARG"]
[SourceTitle "CB06_2024"]
[SourceDate "2024.02.07"]
[SourceVersion "1"]
[SourceVersionDate "2024.02.07"]
[SourceQuality "1"]

1. e4 c6 2. d4 d5 3. Nd2 dxe4 4. Nxe4 Nd7 5. Nf3 Ngf6 6. Ng3 e6 7. Bf4 Be7 8. Bd3 Nd5 9. Bd2 N7f6 10. 0-0 0-0 11. c3 Qc7 12. Ne5 c5 13. a3 cxd4 14. cxd4 Qb6 15. Bc3 Nf4 16. Bb1 g6 17. Qd2 N4d5 18. h4 Nd7 19. Ng4 Bxh4 20. Ne2 Qd8 21. g3 Bg5 22. f4 Be7 23. Kf2 b6 24. Rh1 Bb7 25. Rh3 N5f6 26. Ne5 Nxe5 27. fxe5 Ng4+ 28. Ke1 Bg2 29. Nf4 Bxh3 30. Nxh3 Kg7 31. Bd3 h6 32. Ke2 Qd5 33. Rg1 Nh2 34. Qf4 g5 35. Qe4 Qxe4+ 36. Bxe4 f5 37. Bxa8 Rxa8 38. Nf2 Kg6 39. Rg2 Ng4 40. Nh3 Rb8 41. Kd3 a5 42. a4 b5 43. axb5 Rxb5 44. Rg1 Bb4 45. Ra1 Bxc3 46. bxc3 Kf7 47. Kc4 Rb2 48. Kc5 Rc2 49. Kc4 Ne3+ 50. Kd3 Rh2 51. Ng1 Nd5 52. Rxa5 Rg2 53. Ne2 f4 54. gxf4 Nxf4+ 55. Nxf4 gxf4 56. Ke4 Rf2 57. c4 h5 58. d5 exd5+ 59. cxd5 h4 60. Ra1 h3 61. Rh1 f3 62. Ke3 Ra2 63. Rxh3 Ra3+ 64. Kf2 Rd3 65. Rxf3+ 1-0